Zákon o zaměstnanosti. Právne predpisy, výklady a stanoviská z oblasti práce, miezd a sociálnych vecí.

Právo na zamestnanie. Štátna politika zamestnanosti. Zabezpečovanie práva na zamestnanie. Sprostredkovanie zamestnania. Postup zamestnávateľov pri zamestnávaní občanov. Zamestnanie občanov so zmenenou pracovnou schopnosťou. Spoločné, prechodné a záverečné ustanovenia.

Gespeichert in:
Bibliographische Detailangaben
Format: Buchkapitel
Sprache:Tschechisch
Schlagworte:
Tags: Tag hinzufügen
Keine Tags, Fügen Sie das erste Tag hinzu!

MARC

LEADER 00000naa a2200000 4500
001 r005882
005 20221125080808.2
041 0 |a cze 
044 |a [CS] 
245 1 0 |a Zákon o zaměstnanosti.  |b Právne predpisy, výklady a stanoviská z oblasti práce, miezd a sociálnych vecí. 
520 |a Právo na zamestnanie. Štátna politika zamestnanosti. Zabezpečovanie práva na zamestnanie. Sprostredkovanie zamestnania. Postup zamestnávateľov pri zamestnávaní občanov. Zamestnanie občanov so zmenenou pracovnou schopnosťou. Spoločné, prechodné a záverečné ustanovenia. 
610 2 0 |a zamestnanosť 
610 2 0 |a právo na prácu 
610 2 0 |a schopnosti pracovné zmenené 
610 2 0 |a zákony 
610 2 0 |a ČSFR